Statistics for Biggest Cities in Texas

Click here to take the quiz!

General Stats

  • This quiz has been taken 34 times
  • The average score is 12 of 15

Answer Stats

HintAnswer% Correct
# 1Houston
100%
# 6El paso
100%
# 2San antonio
97%
# 3Dallas
97%
# 4Austin
97%
# 5Fort worth
97%
# 8Corpus christi
91%
# 11Lubbock
79%
# 7Arlington
76%
# 9Plano
67%
# 14Amarillo
67%
# 10Laredo
64%
# 12Irving
55%
# 13Garland
39%
# 15Mckinney
33%

Score Distribution

Percentile by Number Answered

Percent of People with Each Score

Your Score History

You have not taken this quiz